Marketingová komunikácia v prostredí obcí

V článku sú predstavené čiastočné výsledky riešenia grantu v oblasti využívania marketingovej komunikácie v samospráve. Potreba dlhodobého plánovania marketingových aktivít zo strany samosprávy. Stručná charakteristika porovnávaných samosprávnych jednotiek.

Uložené v:
Podrobná bibliografia
Hlavný autor: Horváthová, Miriam
Médium: Kapitola
Jazyk:Slovak
Predmet:
Tagy: Pridať tag
Žiadne tagy, Buďte prvý, kto otaguje tento záznam!

MARC

LEADER 00000naa$a2200000$$$4500
001 0112382
005 20231114080537.5
041 0 |a slo 
044 |a CZ 
245 1 0 |a Marketingová komunikácia v prostredí obcí  |c Miriam Horváthová 
520 |a V článku sú predstavené čiastočné výsledky riešenia grantu v oblasti využívania marketingovej komunikácie v samospráve. Potreba dlhodobého plánovania marketingových aktivít zo strany samosprávy. Stručná charakteristika porovnávaných samosprávnych jednotiek. 
610 2 0 |a obce 
610 2 0 |a samospráva 
610 2 0 |a samospráva miestna 
610 2 0 |a komunikácia marketingová 
610 2 0 |a marketing mix 
610 2 0 |a nástroje marketingové 
100 1 |a Horváthová, Miriam